000 00667nam a22002417a 4500
003 UA-OsUOA
001 43026
007 ta
008 20090506b un ||||| |||| 00| 0 ukr d
100 _aТрубайчук Анатолій
090 _a94(100)
_bТ77
942 _cBK
040 _aUA-OsUOA
_bukr
_cUA-OsUOA
_dUA-OsUOA
245 _aБрудершафт двох диктаторів
300 _a336 с.
955 _a4
041 _aukr
080 _a94(100)
260 _aК.
_c1993
246 3 1 _aХХ сторіччя: політика в портретах
650 7 _a9 Географія. Біографії. Історія
_2UDC
999 _c441498
_d441498